Statistiche per Province della Sardegna (con mappa)

Clicka qui per fare il quiz!

Statistiche generali

  • Questo quiz è stato fatto 2.436 volte
  • Il punteggio medio è 4 su 5

Risposte nella Mappa

Le risposte nella mappa del quiz sottostante sono codificate secondo una scala di colori dal rosso al verde in base alla % di persone che hanno risposto correttamente.
 

Statistiche sulle risposte

Provincia% Corretto
Cagliari
99%
Sassari
90%
Nuoro
75%
Oristano
73%
Sud Sardegna
70%

Distribuzione punteggi

Percentile per numero di risposta

Percentuale di utenti per punteggio

I tuoi punteggi nel tempo

Non hai fatto questo quiz